| 000 | 00477nam a2200181Ia 4500 | ||
|---|---|---|---|
| 005 | 20250701114910.0 | ||
| 008 | 008 250516s9999 xx 000 0 eng d | ||
| 020 | _a9780198873488 | ||
| 040 |
_beng _cSDCL |
||
| 041 |
_aeng _2eng |
||
| 084 | _aR66,6 R3 | ||
| 100 |
_aFigueira, Dorothy M. _9609851 |
||
| 245 | 0 | _aAfterlives of the Bhagavad Gita | |
| 260 |
_aUK: _bOxford University Press, _c2023. |
||
| 300 | _avi, 378p. | ||
| 650 | _aPhilosophy | ||
| 942 |
_cTEXL _2CC |
||
| 999 |
_c1430822 _d1430822 |
||